[Event "Skolernes Skakklub"]
[Site "Aarhus"]
[Date "1997.06.25"]
[Round "6"]
[White "Stefansson, Hannes"]
[Black "Schandorff, Lars"]
[Result "1/2-1/2"]
[WhiteElo "2555"]
[BlackElo "2510"]
[Annotator "Ribli"]
[PlyCount "118"]
[EventDate "1997.06.20"]
[EventType "tourn"]
[EventRounds "9"]
[EventCountry "DEN"]
[EventCategory "14"]
[SourceTitle "CBM 060"]
[Source "ChessBase"]
[SourceDate "1997.09.29"]

1. c4 c5 2. Nc3 Nc6 3. Nf3 Nd4 {Ein auf den ersten Blick unnatürlicher
Springerzug, der aber in der letzten Zeit recht populär geworden ist.} 4. e3 (
4. g3 $5 Nxf3+ 5. exf3 b6 (5... Nf6 6. d4 e6 7. Bg2 (7. d5 exd5 8. cxd5 d6 9.
Bg2 Be7 10. O-O O-O $13) 7... d5 $5 8. cxd5 Nxd5 (8... exd5 9. O-O Be7 10. dxc5
Bxc5 11. Bg5 $14) 9. O-O Nxc3 10. bxc3 cxd4 11. cxd4 Bd6 12. Qb3 O-O 13. f4 Rb8
{1/2-1/2 Ribli,Z-Emms,J/BL9596 1996 (31)}) 6. d4 $6 cxd4 7. Qxd4 Bb7 8. Bg2 Nf6
9. O-O e6 10. Ne4 $1 Nxe4 11. fxe4 f6 12. Qd1 Bc5 13. Qh5+ g6 14. Qh6 Kf7 (
14... Bf8 15. Qe3 Bg7 16. Rd1 $14) 15. Rd1 Bc6 16. Be3 {Vaganian,R-Yudasin,L/
Moscow olm 1994/1-0 (62)}) (4. Ng1 $5) 4... Nxf3+ 5. Qxf3 g6 {Die weiße Dame
steht nicht so gut auf f3. Schwarz entwickelt den Läufer nach g7 und
kontrolliert das wichtige Zentrumsfeld d4.} 6. g3 Bg7 {[%csl Gg7][%cal Gg7a1]}
7. Bg2 Nh6 {[%cal Gh6f5,Gf5d4]} (7... Rb8 8. Qe2 Nh6 9. O-O Nf5 10. Rb1 d6 11.
b3 O-O 12. Bb2 a6 13. Ne4 Bxb2 14. Rxb2 b5 15. Rfb1 b4 {0-1 Ionescu,C-Hulak,K/
EU-chT Haifa 1989 (38)}) 8. O-O O-O 9. b3 d6 10. Bb2 Rb8 {Schwarz befreit den
Läufer auf c8 und bereitet einen möglichen Bauernvorstoß mittels a7-6 und
b7-b5 vor.} 11. h3 {Weiß macht ohne besonderes Ziel einen Wartezug. Früher
oder später muß er mit der Dame weggehen, so ist dieser Zug überflüssig.
Aber ich möchte nicht sagen, daß er ein schlechter Zug ist, denn wir haben
eine geschlossene Stellung vor uns, in der solch ein "Tempoverlust " keine
Bedeutung hat.} (11. Qd1 $5 Nf5 12. Qc2 a6 13. a4 (13. Nd5 e6 14. Bxg7 Nxg7 15.
Nf4 b5 16. d3 Bb7 $10) 13... Bd7 14. Nd5 e6 15. Bxg7 Nxg7 16. Nf4 Nf5 17. Qc3
Bc6 (17... b5 18. axb5 axb5 19. Ra6 $5 Rb6 20. Rfa1 $14) 18. b4 $1 $14 {
1/2-1/2 Ribli,Z-Benjamin,J/Wijk aan Zee 1989 (45)}) (11. Qe2 $5) (11. Rfd1 $2
Bg4 $17) 11... Nf5 12. Qe2 a6 13. d3 (13. a4 Bd7 {[%cal Gd7c6] Wenn Schwarz 14.
..Bc6 spielt, muß er sich vor dem Läufertausch nicht fürchten, weil Weiß
auch eine Schwäche auf b3 hat.}) 13... b5 $11 {Schwarz hat gleiche Chancen.
Die Bauernstellung ist symmetrisch und der Springer steht aktiv auf f5.} 14.
cxb5 axb5 15. b4 $5 Bb7 {Es ist logisch, daß Schwarz den weißen Läufer auf
der großen Diagonalen tauscht.} (15... cxb4 16. Nd5 Bxb2 17. Qxb2 {[%csl Rb4]}
) 16. Bxb7 Rxb7 17. Rfc1 (17. bxc5 dxc5 18. Rfc1 {[%csl Rc5]}) 17... cxb4 18.
Nd5 {Weiß kann den geopferten Bauern zurückgewinnen. Obwohl die Stellung ist
symmetrisch, hat er das etwas bessere Figurenspiel.} Qd7 19. Rc2 e6 20. Bxg7 (
20. Nf6+ Bxf6 21. Bxf6 e5 {[%csl Rf6]}) 20... Kxg7 21. Nxb4 {[%csl Gb4] Weiß
hat einen sehr starken Springer auf b4. Er hält den Bauer auf a2 und
kontrolliert das mögliche Einbruchsfeld auf c6. Der schwarze König steht
schlechter als der weiße, denn er ist auf der Diagonalen a1-h8 angreifbar.}
Rc8 (21... d5 22. Rac1 $14 {[%cal Gc1c8]}) (21... Ne7 22. Rac1 $14 {[%cal
Gc1c8]}) (21... Qe7 22. Rac1 Qf6 23. Kg2 $14 {[%cal Gc1c8]}) 22. Rxc8 Qxc8 23.
Qb2+ Kg8 (23... e5 $6 {[%csl Gd5]}) 24. e4 Ne7 25. Kg2 $14 {Wei hat einen
kleinen Positionsvorteil, weil er die aktivere Figurenstellung hat. In einigen
Varianten droht die Dame mit Qf6 einzudringung. Der Bauer auf b5 ist
schwächer als der weiße auf a2.} (25. Rc1 Rc7) 25... Rc7 26. Qf6 Qd8 (26...
Kf8 $2 27. Qh8+ Ng8 28. Qxh7 $16) 27. a4 $1 {Weiß möchte auch eine offene
Linie bekommen.} (27. h4 Nc6 28. Qxd8+ Nxd8 $11) 27... bxa4 28. Rxa4 {Weiß
hat positionellen Druck. Das Hauptproblem für Schwarz ist die geschwächte
Koenigsstellung.} Qe8 (28... Nc6 $2 29. Qxd8+ Nxd8 30. Ra8 Rd7 31. Nc6) 29. Ra6
Nc6 (29... Rd7) 30. Nxc6 Rxc6 31. Ra7 {[%csl Ga7,Gf6,Rf7,Rg8] Das Material ist
reduziert, aber die weißen Figuren sind viel aktiver als die schwarzen.} Rc8
32. g4 Ra8 (32... Qf8 33. Rd7 Rb8 {Das führt zur Partiefortsetzung.}) 33. Re7
Qf8 34. Rd7 Rb8 35. d4 {Weiß muß neue Reserven mobilisieren. Nur mit Turm
und Dame kann er nichts erreichen.} Ra8 36. d5 (36. h4 Rb8 37. h5 Ra8) 36...
Re8 37. g5 $22 {Alles ist verteidigt im schwarzen Lager, aber er ist am Zuge.}
exd5 38. exd5 Qg7 39. Rxd6 (39. Qxd6 Qd4 $132 {[%csl Gd4,Rg2] Weiß hat einen
Bauern mehr, aber jetzt hat Schwarz zwei Gegenchancen: 1.Nach Damentausch im
Turmendspiel hat Weiß technische Schwierigkeiten 2.Ohne Damentausch hat
Schwarz eine bewegliche Dame.}) 39... Qxf6 40. gxf6 (40. Rxf6 Re5 $11) 40... h6
{Schwarz muß seine Figuren aktivieren. Es droht g6-g5 und der Königmarsch
nach g6.} 41. f4 g5 42. fxg5 (42. f5 Re5 43. Rd8+ Kh7 44. Rf8 (44. Rd7 Rxf5 $11
(44... Kg8)) 44... Rxf5 45. Rxf7+ (45. d6 Rd5 46. Rxf7+ Kg6 $11) 45... Kg6 $11)
42... hxg5 43. Rd7 Rf8 {Ein passiver Zug, aber Schwarz muß den König
befreien.} 44. Kf3 Kh7 45. Ke4 Kg6 46. Rc7 Rh8 (46... Kxf6 $11) 47. Rc3 Kxf6
$11 {Weiß hat wegen seines Freibauern einen rein theoretischen Vorteil. Aber
mit ruhigen Zügen hält Schwarz das Gleichgewicht.} 48. Rf3+ Ke7 49. Kf5 f6
50. Re3+ Kd6 $1 (50... Kf7 51. d6 $16) 51. Kxf6 Kxd5 52. Kxg5 (52. Rg3 Ke4 (
52... Rh5 $2 53. Rxg5+ Rxg5 54. Kxg5 Ke6 55. Kg6 $18) 53. Kxg5 Rg8+ $11) 52...
Kd4 53. Ra3 Ke5 {Dies ist eine theoretische Remisstellung finden.Weiss kann
seinen Freibauern ncht verwerten.} 54. Ra5+ Ke6 55. Ra6+ Kf7 56. Ra7+ {In
diesem Turmendspiel,wenn der Koenig des Verteidigers ist in der nahe des
Freibauers,der Gewinn ist unmoeglich.Ribli.} Ke6 57. h4 Rg8+ 58. Kh6 Rh8+ 59.
Kg5 (59. Rh7 Rxh7+ 60. Kxh7 Kf7 $11) 59... Rg8+ $11 {Und in dieser Stellung
remis gegeben.} 1/2-1/2

[Event "Skolernes Skakklub"]
[Site "Aarhus"]
[Date "1997.06.20"]
[Round "1"]
[White "Stefansson, Hannes"]
[Black "Kengis, Edvins"]
[Result "0-1"]
[WhiteElo "2555"]
[BlackElo "2585"]
[Annotator "Ribli"]
[PlyCount "62"]
[EventDate "1997.06.20"]
[EventType "tourn"]
[EventRounds "9"]
[EventCountry "DEN"]
[EventCategory "14"]
[SourceTitle "CBM 060"]
[Source "ChessBase"]
[SourceDate "1997.09.29"]

1. e4 c5 2. Nf3 e6 3. d4 cxd4 4. Nxd4 a6 (4... Qb6 $5 {Das ist die
Lieblingsvariante des lettische GM Kveinys. Schwarz verliert ein Tempo, aber
der Springer auf b3 steht viel schwächer als auf d4.}) 5. Bd3 Bc5 6. Nb3 (6.
Nf3 d6 7. O-O Nf6 8. c4 O-O 9. Nc3 Nbd7 10. Na4 Ba7 11. Bf4 e5 12. Bd2 Rb8 13.
Nc3 Nc5 14. Bg5 h6 15. Be3 Ng4 16. Bxc5 Bxc5 17. Qd2 Nf6 18. a3 Be6 {Cao,
S-Votava,J/Budapest FS09 GM 1995/0-1 (45)}) 6... Be7 {Schwarz hat ein Tempo
verloren, aber der Springer steht nicht gut auf b3.} (6... Ba7 {Das ist die
theoretische Hauptvariante.}) 7. O-O (7. Nc3 d6 (7... Nc6 8. Be3 Nf6 9. f4 d6
10. Qf3 $5 Nb4 11. g4 (11. O-O-O Qc7 12. Kb1 b5 13. g4 Nd7 14. g5 Bb7 15. Rhf1
{Almasi,Z-Kurajica,B/Moscow olm 1994/0-1 (51)}) 11... Nd7 12. O-O-O Nxd3+ 13.
cxd3 b5 14. Kb1 Bb7 15. g5 O-O 16. h4 b4 17. Ne2 Rc8 {0-1 Belotti,B-Kurajica,B/
EU-chTM 1997 (26)}) 8. f4 Qc7 (8... Nd7 9. Be3 (9. Qf3 Qc7 10. Bd2 b6 11. e5
Bb7 12. exd6 Bxf3 13. dxc7 Bb7 14. f5 e5 15. Be4 Bxe4 16. Nxe4 Rc8 17. Be3 Rxc7
18. O-O-O Ngf6 19. Nbd2 Rc6 20. Rhe1 g6 21. Rf1 {1/2-1/2 Sax,G-Agrest,E/Bela
mem 1997}) 9... Qc7 10. Qf3 b5 11. O-O-O b4 12. Ne2 Ngf6 13. g4 d5 14. e5 Ne4
15. Ng3 Bb7 {1-0 Borge,N-Nielsen,U/Hillerod Politiken 1995 (40)}) 9. Be3 Nf6
10. Qf3 b5 11. g4 b4 12. Ne2 Bb7 13. g5 Nfd7 14. Qh3 g6 15. O-O Nc6 16. f5 exf5
17. exf5 Nce5 {0-1 Ziatdinov,R-Loginov,V/Tashkent 1987 (33)}) (7. c4 Nc6 8. Nc3
Nf6 9. Qe2 d6 10. O-O Ne5 11. f3 Bd7 12. Be3 Rc8 13. a4 Qc7 {0-1 Simic,D-Sax,G/
Maribor 1996 (32)}) (7. Qg4 {Nach meiner Meinung das ist die erste Frage.Ribli.
} g6 (7... Bf6 8. f4 d6 9. O-O Nc6 10. Nc3 h5 11. Qg3 h4 12. Qf2 h3 13. g4 Bxc3
14. bxc3 Qh4 15. g5 Nge7 {0-1 Matulovic,M-Miladinovic,I/JUG-ch Tivat 1994 (36)}
) (7... Nf6 8. Qxg7 (8. Qg3 d6 9. O-O O-O $13) 8... Rg8 9. Qh6 Nc6 10. Nc3 Rxg2
11. Qh3 (11. Bd2 d6 12. O-O-O Rg6 13. Qe3 Ng4 14. Qe2 Nge5 15. f4 Nxd3+ 16.
Qxd3 b5 {1-0 Hernandez,G-Kurajica,B/Las Palmas open 1995 (32)}) 11... Rg8 12.
Be3 d5 $6 (12... d6 $14) 13. exd5 Nb4 14. O-O-O Nxd3+ 15. Rxd3 exd5 16. Qf3 Bg4
17. Qf4 Rc8 18. Re1 $16 Be6 19. Nd4 Rg4 20. Qf3 Rg6 21. Nxe6 fxe6 22. Bd4 Rc6 {
1/2-1/2 Van der Wiel,J-Kurajica,B/EU-chTM 1997 (29)}) 8. Nc3 d6 9. Qg3 Qc7 10.
h4 Nf6 11. Bh6 Nbd7 12. O-O-O b5 13. f4 Bb7 14. Rhe1 b4 15. Nb1 e5 {0-1
Nielsen,U-Emms,J/Hillerod Politiken 1995 (26)}) 7... d6 (7... Nc6 8. Be3 (8. f4
d6 9. Qe2 Nf6 10. N1d2 Nb4 11. Nf3 Nxd3 12. cxd3 O-O 13. Bd2 a5 14. Kh1 Bd7 15.
Rac1 b5 {1/2-1/2 Arakhamia,K-Portisch,L/Monaco Veterans-Women 1994 (41)}) (8.
Qg4 Nf6 (8... Bf6 9. Nc3 d6 10. Be3 Bxc3 11. bxc3 Qf6 12. Qg3 Nge7 13. Qxd6
Qxc3 14. Nc5 O-O 15. Na4 Qa5 16. Nb6 Rb8 17. Rfd1 e5 {Blees,A-Gofshtein,L/
Paris op 1995/0-1 (81)}) 9. Qxg7 Rg8 10. Qh6 b5 (10... Ne5 11. Qe3 d5 12. N1d2
b5 13. Nf3 Nxd3 14. cxd3 dxe4 15. dxe4 Bb7 16. Nfd2 Qc7 17. f3 Bd6 18. Qh6 Rg6
19. Qh3 Bf4 20. Nb1 Bxc1 21. Rxc1 Qf4 22. N1d2 Ke7 23. Nf1 Rag8 {Wahls,
M-Kurajica,B/Zaragoza op 1996/1/2-1/2 (66)}) 11. a4 b4 12. N1d2 Ne5 13. h3 d5
14. Qe3 Bb7 15. f4 Nc4 16. Bxc4 dxc4 17. Nd4 c3 {0-1 Ulibin,M-Gofshtein,L/
Cappelle op 1995 (35)}) 8... Nf6 9. f4 Nb4 10. Nc3 Nxd3 11. cxd3 d6 12. h3 O-O
13. Qf3 Rb8 {1/2-1/2 Kuzmin,G-Galkin,A/RUS-Cup1 Chigorin-mem 1996 (22)}) 8. Nc3
(8. a4 Nf6 9. a5 b5 10. axb6 Qxb6 11. Nc3 Nc6 12. Qe2 Nb4 13. Bb5+ Bd7 14.
Bxd7+ Nxd7 15. Be3 Qb8 16. Ra5 O-O 17. Na2 Nxa2 18. Rxa2 Qb7 {1/2-1/2 Madl,
I-Loginov,V/Zalakaros op 1991 (41)}) (8. f4 Qc7 9. Qe2 Nc6 10. Nc3 Nf6 11. Bd2
b5 12. Rae1 b4 13. Nd1 Nd7 14. Ne3 Bb7 15. c3 a5 16. Nd5 Qd8 17. Nxe7 Qxe7 {
1/2-1/2 De la Riva,O-Garcia,R/Andorra op 1997 (26)}) (8. Qg4 Bf6 (8... Nf6 9.
Qxg7 Rg8 10. Qh6 {Und Schwarz muss noch die Korrektheit des Bauernopfers zu
bezeugen.Ribli.}) 9. Nc3 Ne7 10. Be3 O-O 11. Rad1 Nd7 12. f4 Qc7 13. Qh3 $36)
8... Nf6 9. a4 {Weiß verhindert den Zug b7-b5 und droht selbst am
Damenflügel Raum zu gewinnen.} (9. f4 Nbd7 10. Qf3 Qc7 11. Bd2 b5 12. Rae1 Bb7
13. a3 O-O 14. Qh3 Rad8 15. Kh1 {1/2-1/2 Landenbergue,C-Bischoff,K/Garmisch
rapid 1994 (34)}) 9... b6 (9... O-O 10. a5 $14 {[%csl Rb6]}) 10. f4 Qc7 11. Bd2
$6 {Nach dieser genügsamen Fortsetzung hat Weiß keinen Vorteil mehr.} (11. e5
Nfd7 (11... dxe5 12. fxe5 Nfd7 (12... Qxe5 13. Bf4 Qh5 14. Qxh5 Nxh5 15. Be4
$16) 13. Qg4 $40 (13. Qh5 $40) (13. Qf3 {[%cal Rf3a8,Rf3f7]} O-O 14. Qxa8 Bb7
15. Qa7 Nc6 $17 {[%csl Ra7]})) 12. Qg4 (12. Qh5)) (11. Qf3 Bb7 12. Qg3 (12. Qh3
)) 11... Bb7 $11 12. Qe2 Nbd7 13. Rae1 e5 $8 (13... O-O 14. e5 $40) 14. f5 (14.
Kh1) (14. fxe5 dxe5 $11 (14... Nxe5 15. Nd4 {[%cal Gd4f5]} g6 16. Bg5 Nfg4 $13)
) 14... O-O 15. Bg5 {Weiß verbessert die Läuferstellung und kontrolliert
indirekt das wichtige Zentrumsfeld d5.} (15. Kh1) 15... Rfe8 {[%cal Ge8e2]
Schwarz verteidigt für alle Fälle den Läufer auf e7. Wir haben jetzt eine
Stellung, die typisch ist für die Najdorfvariante.} 16. Rd1 {[#]} (16. Bc4 h6
(16... Rec8 17. Bd3 Re8 $11) (16... b5 $2 17. axb5 axb5 18. Bxb5 (18. Nxb5 Qb6+
19. Be3 Qd8 {[%csl Re4]}) 18... Nxe4 19. Nxe4 Bxe4 20. Bxe7 $18) (16... Rac8 $2
17. Bxa6) (16... Nxe4 17. Nxe4 Bxe4 (17... d5 18. f6 $40) 18. Bxe7 d5 $13) (
16... d5 17. exd5 Nxd5 18. Nxd5 (18. Bxe7 Nxc3 $15) 18... Bxd5 19. Bxd5 Bxg5
20. Bxa8 $16) 17. Bh4) 16... d5 {Diese Durchbruch führt zu großen
Komplikationen.} 17. exd5 (17. Nxd5 $2 Nxd5 $19) 17... e4 18. Bc4 $2 (18. Nxe4
Bxd5 (18... Nxd5 19. Bxe7 Rxe7 20. Qf2) (18... Nxe4 19. Bxe7 Bxd5 (19... Rxe7
20. Bxe4 Qd6 (20... Qe5 21. Rfe1 Qxb2 22. f6 $36)) 20. Bxe4 $16) 19. Nxf6+ Bxf6
20. Qh5 Bxb2 21. f6 $40) 18... Ne5 $1 $44 {[%csl Ge4,Ge5]} 19. d6 (19. Bxf6
Bxf6 $15 {[%csl Rc4] Schwarz hat das Läuferpaar und eine aktive Stellung,
weil Weiß Probleme mit dem Läufer c4 hat.}) 19... Bxd6 20. Bxf6 Nxc4 $15 {
Schwarz hat das bessere Figurenspiel und sein Springer auf c4 steht besonders
gut.} 21. Qg4 $8 Bxh2+ 22. Kh1 Qg3 $8 (22... g6 23. fxg6 hxg6 (23... fxg6 24.
Rd7 $18) 24. Qh4 $18) 23. Qxg3 Bxg3 {[%csl Gg3] Nach dem Damentausch ist klar,
daß Schwarz Vorteil hat. Die weiße Königsstellung ist schwach und
angreifbar. Der Springer steht schlecht auf b3.} 24. Bd4 (24. Bg5 e3 {[%csl
Gc4,Ge3,Gg3,Rh1][%cal Gb7g2]}) 24... e3 $17 (24... Nxb2 25. Rb1 Nc4 $17) 25.
Ne2 Bc7 {[%csl Rh1][%cal Ge8e4,Ge4h4]} 26. Bc3 {Die einzige Möglichkeit die
Drohung 26...Re4 27...Rh4 zu parieren.} Re4 27. Rd4 Rxd4 28. Nbxd4 Re8 {
Es droht wieder 29... Re4.} 29. f6 g6 30. Rd1 Rd8 (30... Re4 $5) 31. b3 Ne5 {
[%cal Re5g4,Rg4f2] Weiss gab auf oder überschritt die Zeit in sehr schwerer
Stellung. Die Drohung 32...Ng4 ist unangenehm.} 0-1

[Event "Skolernes Skakklub"]
[Site "Aarhus"]
[Date "1997.06.27"]
[Round "8"]
[White "Stefansson, Hannes"]
[Black "Hansen, Curt"]
[Result "1/2-1/2"]
[WhiteElo "2555"]
[BlackElo "2605"]
[PlyCount "56"]
[EventDate "1997.06.20"]
[EventType "tourn"]
[EventRounds "9"]
[EventCountry "DEN"]
[EventCategory "14"]
[SourceTitle "CBM 060"]
[Source "ChessBase"]
[SourceDate "1997.09.29"]

1. Nf3 Nf6 2. c4 e6 3. Nc3 d5 4. d4 c6 5. Qc2 dxc4 6. a4 Na6 7. e3 Nb4 8. Qd1
c5 9. Bxc4 cxd4 10. exd4 Be7 11. O-O O-O 12. a5 Bd7 13. Ne5 Rc8 14. Be3 Bc6 15.
Nxc6 bxc6 16. Bf4 Nbd5 17. Be5 Bd6 18. Qe2 Rb8 19. Rfc1 Bxe5 20. dxe5 Nd7 21.
Bxd5 cxd5 22. Nb5 Nxe5 23. Nxa7 Qf6 24. Nb5 Nc4 25. b3 Rxb5 26. bxc4 dxc4 27.
a6 g6 28. a7 Rb2 1/2-1/2